| 000 | 01054nam a22002537a 4500 | ||
|---|---|---|---|
| 005 | 20100731114425.0 | ||
| 010 | _aENG-97334 | ||
| 020 |
_a9789715619004 _c150.00 |
||
| 035 | _aEN-80867 | ||
| 037 | _bDBAD/PUB | ||
| 082 | _a338.959 | ||
| 245 |
_aPoverty and sustainable development in Asia : _bimpacts and response to the global economic crisis / _cedited by Armin Bauer [and] Myo Thant |
||
| 260 |
_aPhilippines _bAsian Development Bank _c2010 |
||
| 270 |
_a6 ADB Avenue, Mandaluyong City 1550 Metro Manila, _bPhilippines |
||
| 300 |
_axi, 536p.: _bill. _c23cm, (Hb) |
||
| 500 | _aincludes references | ||
| 650 |
_aPoverty - Government policy _93245 |
||
| 650 |
_aSustainable development - Environmental apects _93246 |
||
| 650 |
_aMinorities - Government policy _93247 |
||
| 700 |
_aBauer, Armin _93064 |
||
| 700 |
_aThant, Myo _93065 |
||
| 942 |
_2ddc _cEN _h338.959 _mPOV |
||
| 999 |
_c38387 _d38387 |
||